000 00676cam a2200181Ia 4500
020 _a9789251084021
020 _a9251084025
040 _cBTCTA
082 _a333 COM 2014 A016 Or.
245 0 4 _aThe state of the world's forest genetic resources.
246 3 0 _aForest genetic resources
260 _aRome :
_bCommission on Genetic Resources for Food and Agriculture, Food and Agriculture Organization of the United Nations,
_c2014.
300 _axxvi, 276 p. :
_bcol. ill., col. maps ;
_c26 cm.
650 0 _aForest germplasm resources conservation.
650 0 _aGermplasm resources.
710 2 _aCommission on Genetic Resources for Food and Agriculture.
942 _cEK
999 _c11425
_d11425